[Event "Guelph op"]
[Site "Guelph CAN"]
[Date "2004.07.30"]
[Round "4"]
[White "Arencibia Rodriguez, Walter"]
[Black "Hutters, Tomas"]
[Result "0-1"]
[WhiteElo "2531"]
[BlackElo "2425"]
[PlyCount "88"]
[GameId "2160767911094862"]
[EventDate "2004.07.28"]
[EventType "swiss"]
[EventRounds "9"]
[EventCountry "CAN"]
[SourceTitle "CBM 101 Extra"]
[Source "ChessBase"]
[SourceDate "2004.09.01"]
[SourceVersion "2"]
[SourceVersionDate "2004.09.01"]
[SourceQuality "1"]

1. d4 Nf6 2. Nf3 d5 3. c4 c6 4. e3 Bg4 5. Nbd2 e6 6. h3 Bh5 7. Qb3 Qb6 8. g4 Bg6 9. Ne5 Nbd7 10. Nxg6 hxg6 11. g5 Qxb3 12. axb3 Ng8 13. c5 a6 14. b4 Rb8 15. Nb3 Be7 16. e4 Bd8 17. Bf4 Rh4 18. Bxb8 Rxe4+ 19. Be2 Nxb8 20. h4 Ne7 21. h5 gxh5 22. f3 Re3 23. Nc1 g6 24. Kf2 Nf5 25. Rg1 f6 26. Bd3 Rxd3 27. Nxd3 fxg5 28. Rae1 Nxd4 29. Ne5 Bf6 30. Nxg6 Nd7 31. f4 g4 32. Rh1 Kf7 33. Ne5+ Bxe5 34. fxe5 Kg6 35. Re3 Nf5 36. Re2 Kg5 37. Kg2 Nf8 38. Rf1 Ng6 39. Rxf5+ Kxf5 40. Rf2+ Nf4+ 41. Kg3 Kg5 42. Rf1 h4+ 43. Kf2 g3+ 44. Kf3 g2 0-1

[Event "Guelph op"]
[Site "Guelph CAN"]
[Date "2004.07.30"]
[Round "4"]
[White "Barsov, Alexei"]
[Black "Jonkman, Harmen"]
[Result "1/2-1/2"]
[WhiteElo "2497"]
[BlackElo "2425"]
[PlyCount "21"]
[GameId "2160767911094863"]
[EventDate "2004.07.28"]
[EventType "swiss"]
[EventRounds "9"]
[EventCountry "CAN"]
[SourceTitle "CBM 101 Extra"]
[Source "ChessBase"]
[SourceDate "2004.09.01"]
[SourceVersion "2"]
[SourceVersionDate "2004.09.01"]
[SourceQuality "1"]

1. d4 d5 2. c4 dxc4 3. Nf3 e6 4. e3 c5 5. Bxc4 a6 6. O-O Nf6 7. dxc5 Bxc5 8. Qxd8+ Kxd8 9. b3 Nbd7 10. Bb2 b6 11. Nbd2 1/2-1/2

[Event "Guelph op"]
[Site "Guelph CAN"]
[Date "2004.07.30"]
[Round "4"]
[White "Burnett, Ronald"]
[Black "Stevens, Christian"]
[Result "1-0"]
[WhiteElo "2439"]
[BlackElo "2266"]
[PlyCount "47"]
[GameId "2160767911094864"]
[EventDate "2004.07.28"]
[EventType "swiss"]
[EventRounds "9"]
[EventCountry "CAN"]
[SourceTitle "CBM 101 Extra"]
[Source "ChessBase"]
[SourceDate "2004.09.01"]
[SourceVersion "2"]
[SourceVersionDate "2004.09.01"]
[SourceQuality "1"]

1. e4 c5 2. Nf3 e6 3. b3 Nc6 4. Bb2 a6 5. c4 Qc7 6. Qe2 b6 7. g3 Bb7 8. Bg2 Nf6 9. e5 Ng4 10. O-O h5 11. h3 Nh6 12. d4 cxd4 13. Nxd4 Nxd4 14. Bxd4 Nf5 15. Rd1 d6 16. Bxb7 Qxb7 17. Nc3 Be7 18. exd6 Bxd6 19. Bxg7 Rg8 20. Ne4 O-O-O 21. Bf6 Rd7 22. c5 bxc5 23. Rac1 Rg6 24. Nxc5 1-0

[Event "Guelph op"]
[Site "Guelph CAN"]
[Date "2004.07.30"]
[Round "4"]
[White "Buscar, Michael"]
[Black "Henry, Liam"]
[Result "0-1"]
[WhiteElo "2066"]
[BlackElo "2062"]
[PlyCount "89"]
[GameId "2160767911094865"]
[EventDate "2004.07.28"]
[EventType "swiss"]
[EventRounds "9"]
[EventCountry "CAN"]
[SourceTitle "CBM 101 Extra"]
[Source "ChessBase"]
[SourceDate "2004.09.01"]
[SourceVersion "2"]
[SourceVersionDate "2004.09.01"]
[SourceQuality "1"]

1. d4 Nf6 2. c4 g6 3. Nc3 Bg7 4. e4 d6 5. f3 Nc6 6. Be3 O-O 7. Qd2 a6 8. h4 h5 9. O-O-O Rb8 10. Nge2 b5 11. c5 dxc5 12. dxc5 Qxd2+ 13. Rxd2 Be6 14. Nf4 Rfd8 15. Ncd5 Bxd5 16. exd5 Nb4 17. d6 cxd6 18. a3 Nc6 19. cxd6 exd6 20. Nd5 Nxd5 21. Rxd5 Ne7 22. Rd2 Nf5 23. Bg5 Rdc8+ 24. Kb1 Ng3 25. Rg1 Nxf1 26. Rxf1 Rc6 27. Rfd1 Bf8 28. Rd5 Rbc8 29. Bf6 Rc2 30. g4 hxg4 31. fxg4 Rg2 32. g5 Rg4 33. Rh1 Rcc4 34. h5 gxh5 35. Rxh5 Rh4 36. Rxh4 Rxh4 37. Kc2 Rc4+ 38. Kd3 Kh7 39. b3 Rg4 40. Bd4 Kg6 41. Be3 Be7 42. Kc3 Re4 43. Kd3 Re5 44. Rd4 d5 45. Rh4 0-1

[Event "Guelph op"]
[Site "Guelph CAN"]
[Date "2004.07.30"]
[Round "4"]
[White "Divljan, Igor"]
[Black "Filipovich, David"]
[Result "1/2-1/2"]
[WhiteElo "2317"]
[BlackElo "2210"]
[PlyCount "85"]
[GameId "2160767911094866"]
[EventDate "2004.07.28"]
[EventType "swiss"]
[EventRounds "9"]
[EventCountry "CAN"]
[SourceTitle "CBM 101 Extra"]
[Source "ChessBase"]
[SourceDate "2004.09.01"]
[SourceVersion "2"]
[SourceVersionDate "2004.09.01"]
[SourceQuality "1"]

1. d4 d5 2. c4 c6 3. Nf3 Nf6 4. Nc3 dxc4 5. a4 Na6 6. e4 Bg4 7. Bxc4 e6 8. Be3 Nb4 9. Rc1 Be7 10. O-O O-O 11. h3 Bxf3 12. Qxf3 Qa5 13. Rfd1 Rfd8 14. Bb3 a6 15. Nb1 Rac8 16. Na3 b5 17. axb5 axb5 18. Ra1 Qc7 19. Nc2 Nxc2 20. Bxc2 c5 21. dxc5 Bxc5 22. Bxc5 Qxc5 23. Rxd8+ Rxd8 24. Qd3 Qc8 25. Qe2 b4 26. e5 Nd5 27. Qe4 g6 28. h4 h5 29. Ra7 Qc5 30. Rxf7 Kxf7 31. Qxg6+ Kf8 32. Qh6+ Ke8 33. Ba4+ Kf7 34. Qxh5+ Ke7 35. Qh7+ Kf8 36. Qh8+ Kf7 37. Qh7+ Kf8 38. Qh8+ Kf7 39. Qxd8 Qc1+ 40. Kh2 Qf4+ 41. Kh1 Qc1+ 42. Kh2 Qf4+ 43. Kg1 1/2-1/2

[Event "Guelph op"]
[Site "Guelph CAN"]
[Date "2004.07.30"]
[Round "4"]
[White "Harper, Ryan"]
[Black "Peredun, Andrew"]
[Result "1-0"]
[WhiteElo "2207"]
[BlackElo "2303"]
[PlyCount "115"]
[GameId "2160767911094868"]
[EventDate "2004.07.28"]
[EventType "swiss"]
[EventRounds "9"]
[EventCountry "CAN"]
[SourceTitle "CBM 101 Extra"]
[Source "ChessBase"]
[SourceDate "2004.09.01"]
[SourceVersion "2"]
[SourceVersionDate "2004.09.01"]
[SourceQuality "1"]

1. e4 c5 2. Nf3 d6 3. d4 cxd4 4. Nxd4 Nf6 5. Nc3 a6 6. Bc4 e6 7. Bb3 b5 8. O-O Be7 9. Qf3 Qc7 10. Qg3 O-O 11. Re1 Bd7 12. Bh6 Ne8 13. Bg5 Bxg5 14. Qxg5 Nc6 15. Nxc6 Bxc6 16. a3 Nf6 17. Re3 h6 18. Qh4 a5 19. Rg3 Kh8 20. Re1 Qe7 21. Rge3 Rfb8 22. Qg3 a4 23. Bd5 Bxd5 24. exd5 e5 25. f4 Nd7 26. Na2 f6 27. Nb4 Qf7 28. Qf3 Re8 29. Qe2 Rab8 30. Nc6 Rb6 31. Qf3 Qg8 32. h3 Nc5 33. Qh5 Rb7 34. b4 axb3 35. cxb3 Qf7 36. Qd1 Ra8 37. b4 Nd7 38. Qf3 Rf8 39. f5 Nb6 40. Rd3 Rc8 41. Rc1 Rbc7 42. Kh2 Qe8 43. Qe4 Kh7 44. Rdc3 Qf7 45. Nd8 Qxd5 46. Qg4 Nc4 47. Ne6 Re7 48. a4 Qb7 49. Rg3 e4 50. Qg6+ Kh8 51. Qh5 Nd2 52. Rxc8+ Qxc8 53. Rxg7 Rxg7 54. Qxh6+ Rh7 55. Qxf6+ Kg8 56. Qg5+ Kh8 57. Qxd2 Qb8 58. Kh1 1-0

[Event "Guelph op"]
[Site "Guelph CAN"]
[Date "2004.07.30"]
[Round "4"]
[White "Kret, Ted"]
[Black "Dougherty, Michael"]
[Result "1/2-1/2"]
[WhiteElo "2142"]
[BlackElo "2229"]
[PlyCount "70"]
[GameId "2160767911094869"]
[EventDate "2004.07.28"]
[EventType "swiss"]
[EventRounds "9"]
[EventCountry "CAN"]
[SourceTitle "CBM 101 Extra"]
[Source "ChessBase"]
[SourceDate "2004.09.01"]
[SourceVersion "2"]
[SourceVersionDate "2004.09.01"]
[SourceQuality "1"]

1. d4 d5 2. c4 dxc4 3. Nf3 Nf6 4. e3 c5 5. Bxc4 e6 6. O-O a6 7. Bb3 cxd4 8. exd4 Be7 9. Nc3 O-O 10. Re1 Nc6 11. Bg5 h6 12. Bf4 Nb4 13. Qe2 Nbd5 14. Bd2 b5 15. Ne5 Bb7 16. Rac1 Rc8 17. Nxd5 Bxd5 18. Rxc8 Qxc8 19. Bxd5 Nxd5 20. Rc1 Qb7 21. Qg4 Nf6 22. Qf3 Qxf3 23. Nxf3 Nd5 24. Rc6 Ra8 25. Kf1 Bd8 26. Ke2 Bb6 27. Kd3 Rd8 28. a4 bxa4 29. Rc4 f6 30. Kc2 Kf7 31. Rxa4 a5 32. b3 Ra8 33. Kd3 Rb8 34. Kc2 Ra8 35. Kd3 Rb8 1/2-1/2

[Event "Guelph op"]
[Site "Guelph CAN"]
[Date "2004.07.30"]
[Round "4"]
[White "MacPhail, John"]
[Black "Thavandiran, Shiyam"]
[Result "1-0"]
[WhiteElo "2339"]
[BlackElo "2103"]
[PlyCount "71"]
[GameId "2160767911094870"]
[EventDate "2004.07.28"]
[EventType "swiss"]
[EventRounds "9"]
[EventCountry "CAN"]
[SourceTitle "CBM 101 Extra"]
[Source "ChessBase"]
[SourceDate "2004.09.01"]
[SourceVersion "2"]
[SourceVersionDate "2004.09.01"]
[SourceQuality "1"]

1. e4 e6 2. d4 d5 3. Nc3 Bb4 4. e5 Ne7 5. a3 Bxc3+ 6. bxc3 c5 7. Qg4 O-O 8. Bd3 Nbc6 9. Nf3 f5 10. exf6 Rxf6 11. Bg5 Rf7 12. Qh5 g6 13. Qh4 Qa5 14. Bd2 c4 15. Ng5 Rg7 16. Be2 e5 17. dxe5 Nf5 18. Qh3 h6 19. g4 hxg5 20. gxf5 Bxf5 21. Qg3 Re8 22. Bxg5 Nd4 23. Bd1 Rxe5+ 24. Kf1 Rf7 25. h4 Nc6 26. h5 Qc5 27. hxg6 Bxg6 28. Bf4 Re6 29. Qh3 Re1+ 30. Kxe1 Rxf4 31. Qg3 Qe7+ 32. Kf1 Qf6 33. Bh5 Ne5 34. Re1 Kf7 35. Bxg6+ Nxg6 36. Rh7+ 1-0

[Event "Guelph op"]
[Site "Guelph CAN"]
[Date "2004.07.30"]
[Round "4"]
[White "Peng, David Yu"]
[Black "Predescu, Sebastian"]
[Result "1/2-1/2"]
[WhiteElo "2038"]
[BlackElo "2221"]
[PlyCount "47"]
[GameId "2160767911094871"]
[EventDate "2004.07.28"]
[EventType "swiss"]
[EventRounds "9"]
[EventCountry "CAN"]
[SourceTitle "CBM 101 Extra"]
[Source "ChessBase"]
[SourceDate "2004.09.01"]
[SourceVersion "2"]
[SourceVersionDate "2004.09.01"]
[SourceQuality "1"]

1. Nf3 Nf6 2. d4 g6 3. Bg5 Bg7 4. Nbd2 O-O 5. c3 d6 6. e3 Nbd7 7. Be2 e5 8. O-O Qe8 9. dxe5 dxe5 10. Qc2 e4 11. Nd4 a6 12. Rfd1 c5 13. N4b3 b6 14. Nc4 Qe7 15. Bg4 Ne5 16. Nxe5 Qxe5 17. Bf4 Qe8 18. Be2 Qc6 19. Rd6 Qb7 20. a4 Be6 21. a5 Bxb3 22. Qxb3 b5 23. Rc1 Qe7 24. Qa3 1/2-1/2

[Event "Guelph op"]
[Site "Guelph CAN"]
[Date "2004.07.30"]
[Round "4"]
[White "Quan Zhe"]
[Black "Noritsyn, Nikolay"]
[Result "1-0"]
[WhiteElo "2324"]
[BlackElo "2175"]
[PlyCount "71"]
[GameId "2160767911094872"]
[EventDate "2004.07.28"]
[EventType "swiss"]
[EventRounds "9"]
[EventCountry "CAN"]
[SourceTitle "CBM 101 Extra"]
[Source "ChessBase"]
[SourceDate "2004.09.01"]
[SourceVersion "2"]
[SourceVersionDate "2004.09.01"]
[SourceQuality "1"]

1. d4 d5 2. c4 e6 3. Nc3 Be7 4. Nf3 Nf6 5. Bf4 O-O 6. e3 c5 7. dxc5 Bxc5 8. cxd5 Nxd5 9. Nxd5 exd5 10. a3 Nc6 11. Bd3 h6 12. O-O Bg4 13. h3 Bh5 14. Rc1 Bb6 15. Be2 Re8 16. b4 a6 17. Qa4 Re4 18. Rfd1 Qe8 19. Rxd5 Rxf4 20. exf4 Qxe2 21. Rxh5 Bxf2+ 22. Kh1 Nd4 23. Qd1 Qxd1+ 24. Rxd1 Ne2 25. Rhd5 Kh7 26. g4 Re8 27. Re5 Rxe5 28. fxe5 Nc3 29. Rd7 b5 30. Rxf7 Kg8 31. e6 Ne4 32. Rb7 Bg3 33. Kg2 Bf4 34. Rd7 Bd6 35. Rd8+ Kh7 36. e7 1-0

[Event "Guelph op"]
[Site "Guelph CAN"]
[Date "2004.07.30"]
[Round "4"]
[White "Tseitlin, Mark D"]
[Black "Livshits, Ron"]
[Result "0-1"]
[WhiteElo "2484"]
[BlackElo "2346"]
[PlyCount "88"]
[GameId "2160767911094873"]
[EventDate "2004.07.28"]
[EventType "swiss"]
[EventRounds "9"]
[EventCountry "CAN"]
[SourceTitle "CBM 101 Extra"]
[Source "ChessBase"]
[SourceDate "2004.09.01"]
[SourceVersion "2"]
[SourceVersionDate "2004.09.01"]
[SourceQuality "1"]

1. e4 c5 2. Nf3 d6 3. Bb5+ Bd7 4. Bxd7+ Qxd7 5. c4 Nc6 6. Nc3 Nf6 7. d4 cxd4 8. Nxd4 e6 9. O-O Be7 10. Be3 O-O 11. Qe2 Rac8 12. b3 Ne5 13. Rad1 Ng6 14. f4 b6 15. f5 Ne5 16. Bf4 Nc6 17. Ndb5 e5 18. Bg5 a6 19. Bxf6 Bxf6 20. Rxd6 Qb7 21. Rxf6 axb5 22. Rd6 bxc4 23. f6 Rfd8 24. Rxd8+ Rxd8 25. Qg4 g6 26. Qg5 Nd4 27. bxc4 Qc7 28. Nd5 Qc5 29. Kh1 Qxc4 30. Rc1 Ne6 31. Qxg6+ fxg6 32. Rxc4 Nf4 33. Nc3 b5 34. Rc6 b4 35. g3 Nd3 36. Nd1 Ra8 37. Rc2 b3 38. axb3 Ra1 39. Rd2 Rxd1+ 40. Rxd1 Nf2+ 41. Kg2 Nxd1 42. Kf3 Nc3 43. Ke3 Nb5 44. Kd3 Nd6 0-1

[Event "Guelph op"]
[Site "Guelph CAN"]
[Date "2004.07.30"]
[Round "4"]
[White "Tyomkin, Dimitri"]
[Black "Lapshun, Yury"]
[Result "1/2-1/2"]
[WhiteElo "2498"]
[BlackElo "2444"]
[PlyCount "71"]
[GameId "2160767911094874"]
[EventDate "2004.07.28"]
[EventType "swiss"]
[EventRounds "9"]
[EventCountry "CAN"]
[SourceTitle "CBM 101 Extra"]
[Source "ChessBase"]
[SourceDate "2004.09.01"]
[SourceVersion "2"]
[SourceVersionDate "2004.09.01"]
[SourceQuality "1"]

1. d4 d5 2. c4 e6 3. Nc3 Nf6 4. Nf3 Be7 5. cxd5 exd5 6. Bg5 O-O 7. e3 c6 8. Qc2 Re8 9. Bd3 Nbd7 10. h3 a5 11. Bf4 Nf8 12. g4 Bd6 13. Bxd6 Qxd6 14. O-O-O b6 15. Kb1 Ba6 16. Bxa6 Rxa6 17. Rc1 b5 18. Ne5 N6d7 19. Nxd7 Nxd7 20. Ne2 Qg6 21. Nf4 Qxc2+ 22. Rxc2 Kf8 23. Rhc1 Nb8 24. Nd3 Ke7 25. a4 bxa4 26. Nc5 Ra7 27. Rc3 Kd6 28. Nxa4 Rc8 29. Nc5 Nd7 30. Rb3 Nxc5 31. Rxc5 Kc7 32. Ka2 Ra6 33. Ka3 Rca8 34. Ka4 Rb6 35. Rxb6 Kxb6 36. Rc3 1/2-1/2

[Event "Guelph op"]
[Site "Guelph CAN"]
[Date "2004.07.30"]
[Round "4"]
[White "Wang, David"]
[Black "Ochkoos, Jura"]
[Result "1/2-1/2"]
[WhiteElo "2143"]
[BlackElo "2299"]
[PlyCount "33"]
[GameId "2160767911094875"]
[EventDate "2004.07.28"]
[EventType "swiss"]
[EventRounds "9"]
[EventCountry "CAN"]
[SourceTitle "CBM 101 Extra"]
[Source "ChessBase"]
[SourceDate "2004.09.01"]
[SourceVersion "2"]
[SourceVersionDate "2004.09.01"]
[SourceQuality "1"]

1. e4 e5 2. Nf3 Nc6 3. Bb5 d6 4. O-O Bd7 5. d4 exd4 6. Nxd4 Nf6 7. Nc3 Be7 8. f4 O-O 9. Nxc6 Bxc6 10. Bxc6 bxc6 11. Qf3 d5 12. Rd1 Bb4 13. exd5 Bxc3 14. bxc3 cxd5 15. c4 c6 16. Bb2 Rc8 17. Bxf6 1/2-1/2

[Event "Guelph op"]
[Site "Guelph CAN"]
[Date "2004.07.31"]
[Round "5"]
[White "Dougherty, Michael"]
[Black "Divljan, Igor"]
[Result "0-1"]
[WhiteElo "2229"]
[BlackElo "2317"]
[PlyCount "88"]
[GameId "2160767911094876"]
[EventDate "2004.07.28"]
[EventType "swiss"]
[EventRounds "9"]
[EventCountry "CAN"]
[SourceTitle "CBM 101 Extra"]
[Source "ChessBase"]
[SourceDate "2004.09.01"]
[SourceVersion "2"]
[SourceVersionDate "2004.09.01"]
[SourceQuality "1"]

1. e4 c5 2. Nf3 e6 3. Nc3 Nc6 4. g3 d5 5. d3 Nf6 6. Bg2 Be7 7. O-O O-O 8. e5 Ne8 9. Re1 Bd7 10. h4 Nc7 11. Bf4 b5 12. a4 Rb8 13. axb5 Nxb5 14. Ne2 a5 15. c3 Nc7 16. Qd2 Rb6 17. Bg5 a4 18. Nf4 Nxe5 19. Bxe7 Nxf3+ 20. Bxf3 Qxe7 21. Bxd5 Rfb8 22. Ra2 g5 23. Be4 gxf4 24. Qxf4 Ne8 25. Re2 Nf6 26. Bf3 Ne8 27. Kg2 Qf6 28. Qe3 Rc8 29. Ra1 Nd6 30. g4 Qxh4 31. Rh1 Qf6 32. Rh5 Bc6 33. Bxc6 Rbxc6 34. Qh3 Kf8 35. Re3 Ke7 36. Rh6 Qg5 37. Rh5 Qf4 38. Qh4+ Qf6 39. Qh3 Rg8 40. Kf1 Rb6 41. Rxc5 Rxb2 42. Qg3 Rxg4 43. Rc7+ Ke8 44. Qh2 Qf4 0-1

[Event "Guelph op"]
[Site "Guelph CAN"]
[Date "2004.07.31"]
[Round "5"]
[White "Harper, Ryan"]
[Black "Barsov, Alexei"]
[Result "0-1"]
[WhiteElo "2207"]
[BlackElo "2497"]
[PlyCount "62"]
[GameId "2160767911094877"]
[EventDate "2004.07.28"]
[EventType "swiss"]
[EventRounds "9"]
[EventCountry "CAN"]
[SourceTitle "CBM 101 Extra"]
[Source "ChessBase"]
[SourceDate "2004.09.01"]
[SourceVersion "2"]
[SourceVersionDate "2004.09.01"]
[SourceQuality "1"]

1. e4 e6 2. d4 d5 3. Nc3 Bb4 4. e5 Ne7 5. a3 Bxc3+ 6. bxc3 c5 7. h4 Nbc6 8. h5 Qa5 9. Bd2 Bd7 10. Nf3 h6 11. Rh4 O-O-O 12. Rg4 g5 13. dxc5 Qc7 14. Qe2 Na5 15. Rb4 Nec6 16. Rb5 Nc4 17. Rab1 N6a5 18. R5b4 Nxa3 19. R1b2 N3c4 20. Rb1 Qxc5 21. Be3 Nxe3 22. fxe3 Kb8 23. Qd2 Ka8 24. Bb5 b6 25. Nd4 Qc7 26. Bxd7 Rxd7 27. Qd3 Nc4 28. Nb5 Qc5 29. Nd6 Nxe5 30. Qd4 Qxd4 31. exd4 Nc6 0-1

[Event "Guelph op"]
[Site "Guelph CAN"]
[Date "2004.07.31"]
[Round "5"]
[White "Henry, Liam"]
[Black "Ochkoos, Jura"]
[Result "0-1"]
[WhiteElo "2063"]
[BlackElo "2299"]
[PlyCount "58"]
[GameId "2160767911094878"]
[EventDate "2004.07.28"]
[EventType "swiss"]
[EventRounds "9"]
[EventCountry "CAN"]
[SourceTitle "CBM 101 Extra"]
[Source "ChessBase"]
[SourceDate "2004.09.01"]
[SourceVersion "2"]
[SourceVersionDate "2004.09.01"]
[SourceQuality "1"]

1. e4 e5 2. Nf3 d6 3. d4 f5 4. Nc3 exd4 5. Qxd4 Nc6 6. Bb5 Bd7 7. Bxc6 bxc6 8. Bg5 Nf6 9. e5 dxe5 10. Nxe5 Bd6 11. Nxd7 Qxd7 12. Bxf6 Qe6+ 13. Qe3 Qxe3+ 14. fxe3 gxf6 15. O-O Rb8 16. Rab1 Be5 17. Nd1 Kf7 18. Rxf5 Rhd8 19. Rf2 Rd5 20. g3 Ra5 21. b3 Rxa2 22. Rc1 Rd8 23. Re2 c5 24. Nf2 c4 25. bxc4 Rd6 26. Rd1 a5 27. Nd3 Bc3 28. Kf1 a4 29. Rb1 Rb6 0-1

[Event "Guelph op"]
[Site "Guelph CAN"]
[Date "2004.07.31"]
[Round "5"]
[White "Hutters, Tomas"]
[Black "Fedorowicz, John"]
[Result "1/2-1/2"]
[WhiteElo "2425"]
[BlackElo "2520"]
[PlyCount "24"]
[GameId "2160767911094879"]
[EventDate "2004.07.28"]
[EventType "swiss"]
[EventRounds "9"]
[EventCountry "CAN"]
[SourceTitle "CBM 101 Extra"]
[Source "ChessBase"]
[SourceDate "2004.09.01"]
[SourceVersion "2"]
[SourceVersionDate "2004.09.01"]
[SourceQuality "1"]

1. Nf3 Nf6 2. c4 g6 3. Nc3 d5 4. cxd5 Nxd5 5. Qb3 Nb6 6. d4 Bg7 7. Bg5 O-O 8. Rd1 Nc6 9. e3 a5 10. a3 a4 11. Qc2 Bf5 12. Bd3 Bxd3 1/2-1/2

[Event "Guelph op"]
[Site "Guelph CAN"]
[Date "2004.07.31"]
[Round "5"]
[White "Jonkman, Harmen"]
[Black "Arencibia Rodriguez, Walter"]
[Result "0-1"]
[WhiteElo "2425"]
[BlackElo "2520"]
[PlyCount "142"]
[GameId "2160767911094880"]
[EventDate "2004.07.28"]
[EventType "swiss"]
[EventRounds "9"]
[EventCountry "CAN"]
[SourceTitle "CBM 101 Extra"]
[Source "ChessBase"]
[SourceDate "2004.09.01"]
[SourceVersion "2"]
[SourceVersionDate "2004.09.01"]
[SourceQuality "1"]

1. e4 e5 2. Nf3 Nc6 3. Bb5 a6 4. Ba4 Nf6 5. O-O Be7 6. d3 d6 7. c3 O-O 8. Re1 Re8 9. Nbd2 Bf8 10. Nf1 g6 11. Ng3 Bg7 12. h3 Bd7 13. d4 Qe7 14. Bc2 Rad8 15. Be3 Qf8 16. dxe5 dxe5 17. Qe2 Na5 18. Bd3 b5 19. b4 Nb7 20. a4 bxa4 21. Bxa6 Nd6 22. Bd3 Bh6 23. Ng5 Ra8 24. c4 Reb8 25. Reb1 Nfe8 26. Nf1 f6 27. Nf3 Bxe3 28. Nxe3 Ng7 29. c5 Nb5 30. Qc2 Kh8 31. c6 Be8 32. Bxb5 Rxb5 33. Rxa4 Rxa4 34. Qxa4 Bxc6 35. Qc2 Bb7 36. Qc4 c6 37. Nd1 Rb6 38. Nc3 Ba6 39. Qa2 Bc8 40. Qa7 Rb7 41. Qa8 Ne6 42. b5 Nc7 43. Qa5 cxb5 44. Nd5 Nxd5 45. exd5 Qc5 46. Rd1 Kg7 47. d6 Be6 48. h4 Rd7 49. h5 gxh5 50. Nh4 Qc4 51. g3 b4 52. Ng2 b3 53. Ne3 Qe4 54. Qb5 h4 55. gxh4 Kh6 56. Kf1 Rb7 57. Qe8 Bh3+ 58. Ke1 b2 59. Qf8+ Kh5 60. Qxf6 Qf4 61. Nd5 Qxf6 62. Nxf6+ Kg6 63. d7 Bxd7 64. Nxd7 b1=Q 65. Rxb1 Rxb1+ 66. Ke2 Kf5 67. Kf3 Rb3+ 68. Kg2 Rb5 69. Kg3 h6 70. Kf3 Ke6 71. Nf8+ Kf7 0-1

[Event "Guelph op"]
[Site "Guelph CAN"]
[Date "2004.07.31"]
[Round "5"]
[White "Kret, Ted"]
[Black "MacPhail, John"]
[Result "0-1"]
[WhiteElo "2143"]
[BlackElo "2339"]
[PlyCount "70"]
[GameId "2160767911094881"]
[EventDate "2004.07.28"]
[EventType "swiss"]
[EventRounds "9"]
[EventCountry "CAN"]
[SourceTitle "CBM 101 Extra"]
[Source "ChessBase"]
[SourceDate "2004.09.01"]
[SourceVersion "2"]
[SourceVersionDate "2004.09.01"]
[SourceQuality "1"]

1. d4 Nf6 2. c4 e6 3. Nc3 Bb4 4. e3 O-O 5. Bd3 d5 6. Nf3 c5 7. O-O cxd4 8. exd4 dxc4 9. Bxc4 b6 10. Bg5 Bb7 11. Ne5 Nbd7 12. Rc1 Nxe5 13. dxe5 Qxd1 14. Rfxd1 Bxc3 15. bxc3 Ne4 16. Be7 Rfc8 17. Rd4 Rc7 18. Bd6 Nxd6 19. exd6 Rc5 20. f4 Rac8 21. Re1 g6 22. Bxe6 fxe6 23. Rxe6 Rd8 24. Re7 Bd5 25. d7 Bf7 26. g4 Kf8 27. Re3 Rc7 28. Rh3 Bg8 29. Rhd3 Bxa2 30. f5 gxf5 31. gxf5 Bc4 32. Rg3 b5 33. f6 Rcxd7 34. Rdg4 Rd1+ 35. Kg2 R8d2+ 0-1

[Event "Guelph op"]
[Site "Guelph CAN"]
[Date "2004.07.31"]
[Round "5"]
[White "Noritsyn, Nikolay"]
[Black "Tseitlin, Mark D"]
[Result "1/2-1/2"]
[WhiteElo "2175"]
[BlackElo "2484"]
[PlyCount "153"]
[GameId "2160767911094884"]
[EventDate "2004.07.28"]
[EventType "swiss"]
[EventRounds "9"]
[EventCountry "CAN"]
[SourceTitle "CBM 101 Extra"]
[Source "ChessBase"]
[SourceDate "2004.09.01"]
[SourceVersion "2"]
[SourceVersionDate "2004.09.01"]
[SourceQuality "1"]

1. e4 g6 2. d4 Bg7 3. Nc3 d6 4. f4 Nd7 5. Nf3 e6 6. Bd3 Ne7 7. O-O O-O 8. e5 d5 9. Be3 b6 10. h4 c5 11. h5 Nf5 12. Bf2 cxd4 13. Nxd4 Nc5 14. Be2 Bd7 15. Qe1 Rc8 16. Nxf5 gxf5 17. Bh4 f6 18. h6 Bxh6 19. exf6 Rxf6 20. b4 Nb7 21. Ba6 Rc7 22. Qe5 Bg7 23. Nxd5 exd5 24. Bxb7 Kh8 25. Bxd5 Rxc2 26. Rac1 Rxc1 27. Rxc1 Rf8 28. Qxg7+ Kxg7 29. Bxd8 Rxd8 30. Rc7 Kf6 31. Rxa7 Be8 32. Bf3 Rd4 33. a3 b5 34. g3 Rd2 35. Kf1 h5 36. Be2 Rb2 37. Ra5 Rb3 38. Kf2 Rb2 39. Ke3 Rb3+ 40. Bd3 Bf7 41. Kd4 Bc4 42. Ra6+ Kg7 43. Bxf5 Rxg3 44. Be4 Bf1 45. Ke5 Re3 46. Ra7+ Kg8 47. Kd4 Rg3 48. Ke5 Re3 49. Kd4 Rg3 50. Bd5+ Kh8 51. Ke5 Bg2 52. Be6 h4 53. Kf6 Be4 54. Ke5 Bh7 55. f5 Bg8 56. Rc7 h3 57. Rc1 Bxe6 58. Kxe6 Kg7 59. Rh1 Re3+ 60. Kd5 Kf6 61. Kc5 Rxa3 62. Kxb5 Kxf5 63. Rf1+ Kg4 64. Rf8 h2 65. Rg8+ Kf3 66. Rh8 Kg2 67. Rxh2+ Kxh2 68. Kc6 Rc3+ 69. Kd6 Rb3 70. Kc5 Kg3 71. b5 Kf4 72. b6 Ke5 73. Kc6 Rc3+ 74. Kd7 Rd3+ 75. Kc7 Rc3+ 76. Kd7 Rb3 77. Kc7 1/2-1/2

[Event "Guelph op"]
[Site "Guelph CAN"]
[Date "2004.07.31"]
[Round "5"]
[White "Peng, David Yu"]
[Black "Buscar, Michael"]
[Result "1-0"]
[WhiteElo "2038"]
[BlackElo "2068"]
[PlyCount "70"]
[GameId "2160767911094885"]
[EventDate "2004.07.28"]
[EventType "swiss"]
[EventRounds "9"]
[EventCountry "CAN"]
[SourceTitle "CBM 101 Extra"]
[Source "ChessBase"]
[SourceDate "2004.09.01"]
[SourceVersion "2"]
[SourceVersionDate "2004.09.01"]
[SourceQuality "1"]

1. Nf3 d5 2. b3 Bg4 3. Bb2 Nd7 4. d4 e6 5. e3 Ngf6 6. Be2 Be7 7. Nbd2 O-O 8. O-O a5 9. h3 Bh5 10. Ne5 Bxe2 11. Qxe2 a4 12. c4 c6 13. Bc3 axb3 14. axb3 Qc7 15. Rfc1 Rxa1 16. Rxa1 c5 17. Nxd7 Nxd7 18. cxd5 exd5 19. dxc5 Qxc5 20. Bxg7 Kxg7 21. Qg4+ Kh8 22. Qxd7 Bf6 23. Rf1 b5 24. Nf3 b4 25. Qf5 Qd6 26. Rd1 Rd8 27. e4 Qe6 28. Rxd5 Rc8 29. Qxe6 fxe6 30. Rd6 Rc3 31. Rxe6 Kg7 32. e5 Bd8 33. Nd4 Kf7 34. Rh6 Kg7 35. Rc6 Rd3 1-0